000 00361pam a2200157a 44500
008 230515b2009 xxu||||| |||| 00| 0 eng d
020 _aNULL
041 _aENGLISH
082 _a617.06/JON
100 _aJOHN J.
245 _aTEXT BOOK OF PREVENTIVE &COMMUNTY DENTISTRY
250 _a2ND
260 _a
_bC B S PUB
_c2009
300 _a326
650 _aNULL
999 _c563333
_d563333